[Event "Steinfurt Bezirksliga 1314"]
[Site "Germany"]
[Date "2014.01.25"]
[Round "5.8"]
[White "Eijkelkamp, Regobert"]
[Black "Borgmann, Simon"]
[Result "1-0"]
[WhiteElo "1436"]
[BlackElo "1143"]
[PlyCount "63"]
[EventDate "2013.09.14"]
[EventType "team-tourn"]
[EventRounds "9"]
[EventCountry "GER"]
[SourceTitle "EXT 2015"]
[Source "ChessBase"]
[SourceDate "2014.11.20"]
[SourceVersion "1"]
[SourceVersionDate "2014.11.20"]
[SourceQuality "1"]
[WhiteTeam "Emsdetten Rochade II"]
[BlackTeam "Emsdetten Turm III"]
[WhiteTeamCountry "GER"]
[BlackTeamCountry "GER"]

1. Nf3 Nc6 2. g3 Nf6 3. Bg2 g6 4. d3 Bg7 5. e4 d6 6. 0-0 0-0 7. Nbd2 Re8 8. c3 e6 9. Re1 Nd7 10. d4 Ne7 11. Nf1 c6 12. h4 d5 13. e5 f6 14. exf6 Nxf6 15. N1h2 Rf8 16. Ng5 h6 17. Nxe6 Bxe6 18. Rxe6 Qd7 19. Re2 Rae8 20. Bf4 Nc8 21. Rxe8 Rxe8 22. Qd2 Kh7 23. Nf3 Qd8 24. Ne5 Nd6 25. f3 Nd7 26. Nxg6 Kxg6 27. Bxd6 Kh7 28. Re1 Rg8 29. Qf4 Nf8 30. Bf1 Ng6 31. Bd3 h5 32. Re6 1-0